LDR 00663naa#a2200181#i#450# 001 EN\\bibl\120693 005 20260417165458.5 011 ## _a2073-5537 100 ## _a20260416b2026####ek#y0engy0150####ca 102 ## _aRU 200 1# _aThe relationship between the development of the individual housing construction market and the spatial organization of the national economy _eJournal article 210 1# _aAstrakhan _cAstrakhan State Technical University _d2026 215 ## _a6 с. 608 ## _aJournal article _2local 675 ## _aЖилищное хозяйство. 332.8 _z 700 #1 _aSultanov _gAirat Almasovich 700 #1 _aMorozova _gNatalya Ivanovna 856 4# _avestnik.astu.org _u